Piggley and the Magic Doll

Bibliographic Details
Format: Book
Published: London : Simon & Schuster , 2005
Series:Jakers! The adventures of piggley winks
Subjects:

MARC

LEADER 00000cam a2200000 7i4500
001 0000092774
005 20231022092504.0
008 231022
020 |a 1416904506 
090 0 0 |a JP   |b AD ENG (5049) 
245 0 0 |a Piggley and the Magic Doll   |c Adapted by Laura Driscoll 
260 |a London :   |b Simon & Schuster ,   |c 2005 
490 1 |a Jakers! The adventures of piggley winks 
500 |a Children age 4-6 years old (yellow) 
650 0 |a Adventure   |x Fiction 
650 0 |a Junior fiction   |x English   |x Languages 
999 |a 0001145338   |b Book   |c Children Collection   |e Cawangan Segamat